Normal view
MARC view
- Shani, C.L
Entry Personal Name
001 - CONTROL NUMBER
- control field: 45920
003 - CONTROL NUMBER IDENTIFIER
- control field: NUST
005 - DATE AND TIME OF LATEST TRANSACTION
- control field: 20210314133355.0
008 - FIXED-LENGTH DATA ELEMENTS
- fixed length control field: 210314|| aca||aabn | a|a d
040 ## - CATALOGING SOURCE
- Original cataloging agency: NUST
- Transcribing agency: NUST
100 ## - HEADING--PERSONAL NAME
- Personal name: Shani, C.L
670 ## - SOURCE DATA FOUND
- Source citation: Work cat.: (NUST): Shani, C.L, A Brief survey of english literature
